000 00756cam a22002531 4500
001 30109
003 BD-RjUL
005 20211209051520.0
008 140409s1961 xx 000 0 eng
035 _a(BD-RjUL)30194
035 _a(OCoLC)340112
040 _aDLC
_cOAU
_dDLC
_dBD-RjUL
_beng
041 _aeng
082 _a160
_bAML 1961
100 1 _aAmbrose, Alice,
_d1906-
_9279
245 0 0 _aLogic :
_bthe theory of formal inference /
_c[by] Alice Ambrose [and] Morris Lazerowitz.
260 _aNew York :
_bHolt, Rinehart and Winston,
_c1961.
300 _a78 p. :
_bill. ;
_c25 cm.
650 0 _aLogic.
_991550
700 1 _aLazerowitz, Morris,
_d1909-
_ejoint author.
_93623
942 _2ddc
_cBK
999 _c30109
_d30109